<?xml version="1.0" encoding="UTF-8"?>
<collection xmlns="http://www.loc.gov/MARC21/slim">
 <record>
  <leader>00581pamaa2200181   4500</leader>
  <controlfield tag="001">0000020695</controlfield>
  <controlfield tag="005">20091015090000.0</controlfield>
  <datafield tag="020" ind1="0" ind2="0">
   <subfield code="a">067435432X </subfield>
  </datafield>
  <datafield tag="090" ind1="0" ind2="0">
   <subfield code="a">PS584 </subfield>
   <subfield code="b">VEN 1995</subfield>
  </datafield>
  <datafield tag="100" ind1="1" ind2="0">
   <subfield code="a">Vendler </subfield>
  </datafield>
  <datafield tag="245" ind1="1" ind2="4">
   <subfield code="a">The given and the made : </subfield>
   <subfield code="b">strategies of poetic redefinition  </subfield>
   <subfield code="c">Helen Vendler.</subfield>
  </datafield>
  <datafield tag="260" ind1="0" ind2="0">
   <subfield code="a">Cambridge: </subfield>
   <subfield code="b">Harvard University Press, </subfield>
   <subfield code="c">1995.</subfield>
  </datafield>
  <datafield tag="300" ind1=" " ind2=" ">
   <subfield code="a">xii, 138p.; </subfield>
   <subfield code="c">21cm.</subfield>
  </datafield>
  <datafield tag="600" ind1="1" ind2="0">
   <subfield code="a">Berryman, John, </subfield>
   <subfield code="d">1914-1972</subfield>
  </datafield>
  <datafield tag="600" ind1="1" ind2="0">
   <subfield code="a">Lowell, Robert, </subfield>
   <subfield code="d">1917-1977</subfield>
  </datafield>
  <datafield tag="600" ind1="1" ind2="0">
   <subfield code="a">Dove, Rita</subfield>
  </datafield>
  <datafield tag="600" ind1="1" ind2="0">
   <subfield code="a">Graham, Jorie</subfield>
  </datafield>
  <datafield tag="650" ind1="0" ind2="0">
   <subfield code="a">American poetry -- </subfield>
   <subfield code="x">History and criticism -- </subfield>
   <subfield code="y">20th century </subfield>
  </datafield>
 </record>
</collection>
